| 000 | 00584nam a22002057a 4500 | ||
|---|---|---|---|
| 001 | 77432 | ||
| 003 | BD-RjUL | ||
| 005 | 20211209082953.0 | ||
| 008 | 200913s1917 enk||||| |||| 00| 0 eng d | ||
| 035 | _a(BD-RjUL)77657 | ||
| 040 |
_aBD-RjUL _beng _cBD-RjUL |
||
| 041 | _aeng | ||
| 082 |
_a821.8 _bSWT 1917 |
||
| 100 |
_aSwinburne, Algernon Charles _9241362 |
||
| 245 | 1 | 0 |
_aTristram of Lyonesse / _cAlgernon Charles Swinburne. |
| 260 |
_aLondon : _bHeinemann, _c1917. |
||
| 300 |
_a151 p.; _c18 cm. |
||
| 600 |
_aSwinburne, Algernon Charles, _d1837-1909 _9241372 |
||
| 942 |
_2ddc _cBK |
||
| 999 |
_c77432 _d77432 |
||